[Event "Linares 09th"]
[Site "Linares"]
[Date "1991.??.??"]
[Round "13"]
[White "Karpov, Anatoly"]
[Black "Beliavsky, Alexander G"]
[Result "1-0"]
[WhiteElo "2725"]
[BlackElo "2640"]
[Annotator "Anand,V"]
[PlyCount "124"]
[EventDate "1991.02.??"]
[EventType "tourn"]
[EventRounds "13"]
[EventCountry "ESP"]
[EventCategory "17"]
[SourceTitle "CBM 022"]
[Source "ChessBase"]
[SourceDate "1991.06.01"]
[SourceVersion "1"]
[SourceVersionDate "1991.06.01"]
[SourceQuality "1"]

1. c4 e6 2. Nc3 d5 {Beliavsky remains true to the QGD. I can recall several
games between Karpov and him in the QGD} 3. d4 Nf6 4. cxd5 exd5 5. Bg5 c6 6. e3
Be7 7. Bd3 O-O 8. Qc2 Nbd7 9. Nf3 Re8 10. h3 Nf8 11. O-O g6 (11... Be6 12. Bf4
(12. Rfc1 N6d7 13. Bf4 Nb6 14. Rab1 Bd6 15. Ne2 Ng6 16. Bxd6 Qxd6 17. a4 {
Karpov-Haritonov USSRch 1988}) 12... Bd6 13. Bxd6 Qxd6 {Karpov-Beliavsky
Tilburg 1986}) 12. Bxf6 Bxf6 13. b4 Ne6 14. Rfd1 a6 15. Bf1 (15. a4 {
Karpov-Beliavsky Belfort 1988}) 15... Qd6 16. a3 Bd8 $6 {/\ f5} 17. e4 $1 dxe4
18. Nxe4 Qf4 19. Re1 Bb6 20. Qc3 Rd8 21. g3 Qh6 (21... Qf5 22. Rad1 $1 $16 (22.
Nh4 Bxd4)) 22. Rad1 Qg7 23. Nc5 a5 24. Qb3 axb4 25. axb4 Nc7 26. Bc4 $16 Nd5
27. Kg2 Qf6 28. Ne5 Kg7 29. h4 Ra7 (29... Qd6) 30. Rd3 $1 Bf5 31. Rf3 h5 32.
Ncd7 Qd6 33. Nxb6 Nxb6 34. Bxf7 (34. Bd3 $5 Be6 35. Rxf7+ Kg8 $1) 34... Nd5 35.
Bxd5 (35. b5 $16) 35... Qxd5 36. Qxd5 Rxd5 37. Rf4 Ra4 38. f3 Rxb4 39. g4 hxg4
40. fxg4 Rb2+ 41. Kg3 Be6 42. Nxg6 Rb3+ 43. Kf2 Rb2+ 44. Kg3 Rb3+ 45. Kf2 Rb2+
46. Kg1 Rd6 47. Nf8 Bf7 48. Re7 Kxf8 49. Rexf7+ (49. Rfxf7+ Kg8 50. Rg7+ Kh8
51. Rh7+ Kg8 52. Reg7+ Kf8 53. Rxb7 Rxb7 54. Rxb7 Rxd4) 49... Kg8 50. h5 Re6 (
50... Rxd4 $4 51. Rf8+ Kg7 52. h6+) 51. Rf8+ Kg7 52. R4f7+ Kh6 53. Rf6+ Rxf6
54. Rxf6+ Kg5 55. Rg6+ Kf4 56. h6 Kg3 57. Kf1 Kf3 58. Ke1 Ke3 59. Kd1 Kd3 60.
Kc1 Rc2+ 61. Kb1 Rg2 (61... Rh2 $8 62. g5 Kc3 63. Rg7 b5 64. Rc7 $18) 62. Rg5
Rh2 (62... Rh2 63. Rh5 $18) 1-0

[Event "ROM-chT"]
[Site "Sovata"]
[Date "2003.04.30"]
[Round "1"]
[White "Atalik, Suat"]
[Black "Rogozenco, Dorian"]
[Result "1/2-1/2"]
[WhiteElo "2568"]
[BlackElo "2519"]
[Annotator "Atalik,S"]
[PlyCount "83"]
[EventDate "2003.04.30"]
[EventType "team"]
[EventRounds "7"]
[EventCountry "ROU"]
[SourceTitle "CBM 096"]
[Source "ChessBase"]
[SourceDate "2003.09.25"]
[SourceVersion "1"]
[SourceVersionDate "2003.09.25"]
[SourceQuality "1"]

1. Nf3 Nf6 2. c4 e6 3. Nc3 d5 4. d4 Be7 5. Bg5 O-O ({I have always preferance
for} 5... h6 $142 {in this opening.}) 6. Qc2 $5 Nbd7 (6... c5 7. dxc5 dxc4 8.
e4 Nfd7 $1 $13 {Most likely Rafik's idea is also valid for this position.}) 7.
cxd5 {I have channelised the game into the waters of Karlsbad structure.} (7.
e3 h6 (7... c5 8. cxd5 Nxd5 9. Bxe7 Qxe7 10. Nxd5 exd5 11. Bd3 g6 12. dxc5 Nxc5
13. O-O Bg4 14. Nd4 $14 {is just slightly better.}) 8. Bh4 ({I do not believe
too much in Gary's intended sacrifice.} 8. cxd5 hxg5 9. dxe6 fxe6 10. Nxg5 Nb6
11. h4 $44) 8... c5 9. cxd5 cxd4 10. Nxd4 Nxd5 11. Bxe7 Nxe7 $11) 7... exd5 8.
e3 c6 9. Bd3 Re8 10. O-O Nf8 11. h3 {Karpov made this move popular but later
Ivan had some adjustments in the critical subvariations.} g6 12. Ne5 $5 {
Bad memory combined with low understanding you get a screw up in the move
order.What an equation!} (12. Bh6 Bd6 $5 {Actually I have got stuck with this
possiblity during the game.} (12... Ne6 13. Ne5 Ng7 14. g4 $1 $36)) 12... N6d7
{Usual recipe.} (12... Ne6 13. Bh6 Ng7 14. g4 $36 {prevents the exchange of
light squared bishops like it is already mentioned.}) 13. Bxe7 Qxe7 14. Nxd7 (
14. Nf3 Nf6) 14... Bxd7 15. Rae1 $1 {The presence of g6 is not what black
wants to have since he can not use fully use kingside squares for an attack.} (
15. b4 Ne6 16. b5 Ng5 $40) 15... Ne6 16. f3 Rad8 17. Qf2 $14 Bc8 18. a3 a6 19.
Re2 f5 $1 {Doru is not afraid of locking the game.} ({During the game I was
only considering} 19... c5 20. dxc5 Qxc5 (20... Nxc5 21. Rd1 $14) 21. Rfe1 (21.
Rc2 $2 d4 $1 22. Ne4 dxe3 23. Nf6+ Kf8 24. Qh4 Qd4 $17) (21. f4 $5) 21... d4
22. Ne4 Qe7 23. exd4 Rxd4 24. Bc2 $36) 20. Bb1 Qf6 21. Rd2 Re7 22. Re1 Rde8 23.
Ba2 Nc7 $5 {Black unloads e line and even provokes e4.} (23... Qg5 24. Kh2 $13
(24. h4 $6 Qh6 25. e4 Nf4 26. e5 g5 $40)) 24. e4 fxe4 25. fxe4 Qxf2+ 26. Kxf2
Kg7 27. Rde2 dxe4 28. Rxe4 (28. Nxe4 $2 Nb5) 28... Rxe4 (28... Kf6 29. d5 $1)
29. Rxe4 (29. Nxe4 Rf8+ 30. Kg3 Re8 $11) 29... Rxe4 30. Nxe4 Be6 31. Bxe6 Nxe6
32. Ke3 $14 {My hopes were based in this knights ending.} Kf8 33. Nd6 b5 34.
Nb7 $1 Ke7 35. b4 {I have figured out that I can not gain ground without this
move.} (35. h4 Ng7 (35... Nc7 36. Ke4 Nd5 37. g4 Nf6+ 38. Kf3 Nd5 39. g5 $14)
36. g4 h5 37. gxh5 Nxh5 38. Ke4 (38. b4 Ng7) 38... Kf6 39. Nc5 Ng3+ 40. Kd3 Nf5
41. Nxa6 Ke7 $1 $11) (35. Ke4 Ng5+ 36. Kf4 Nf7) 35... Nc7 36. Ke4 Nd5 37. g4 (
37. Nc5 Kd6 38. Nxa6 Nc3+ 39. Kd3 Nb1 40. Nc5 Nxa3 $11) (37. Ke5 Ne3 $11) 37...
Nb6 $1 $11 {I have missed this great move in my calculations.} (37... Nc3+ $2
38. Ke5 Nb1 39. Na5 Kd7 40. Kf6 Nxa3 41. Kg7 g5 (41... Nc2 42. Kxh7) 42. Kxh7
Nc2 43. Kg6 Nxd4 44. Kxg5 c5 45. bxc5 b4 46. Kf6 b3 47. Nc4 Nc2 48. g5 Ne3 49.
Nb2 Nd5+ 50. Kf7 Nf4 51. g6 Nxg6 52. Kxg6 Kc6 53. h4 $18) 38. g5 Ke6 $1 (38...
Nc4 $6 39. d5 {offers white some chances.}) 39. Nc5+ Kd6 40. Nb7+ Ke6 41. Nc5+
{I have decided to repeat the moves before I pull out some possible flash of
stupidity.} (41. Nd8+ Kd6 42. Nf7+ Ke6 43. Ne5 Kd6 44. Ng4 Ke6 $11) 41... Kd6
42. Nb7+ 1/2-1/2

[Event "Subasic Memorial 3rd"]
[Site "Zenica"]
[Date "2004.12.08"]
[Round "5"]
[White "Atalik, Suat"]
[Black "Blagojevic, Dragisa"]
[Result "0-1"]
[WhiteElo "2541"]
[BlackElo "2527"]
[Annotator "Atalik,S"]
[PlyCount "136"]
[EventDate "2004.12.05"]
[EventType "tourn"]
[EventRounds "9"]
[EventCountry "BIH"]
[EventCategory "7"]
[SourceTitle "CBM 104"]
[Source "ChessBase"]
[SourceDate "2005.01.27"]
[SourceVersion "1"]
[SourceVersionDate "2005.01.27"]
[SourceQuality "1"]

1. d4 d5 2. c4 e6 3. Nf3 Nf6 4. Nc3 Nbd7 5. cxd5 exd5 6. Bg5 c6 7. e3 Be7 8.
Qc2 O-O (8... Nh5 9. Bxe7 Qxe7 10. O-O-O g6 11. Bd3 Nb6 12. h3 Ng7 13. g4 Be6
14. Kb1 O-O-O 15. Rc1 Kb8 16. Na4 Nxa4 17. Qxa4 Ne8 18. Rc3 Nd6 19. Ra3 Nc8
$132 {is a difficult line for both sides.}) 9. Bd3 Re8 10. O-O Nf8 11. h3 $1 {
This is the line which creates the most difficulties for black.} Nh5 $5 {
I know that he does it frequently.} (11... g6 12. Bh6 Ne6 13. Ne5 Ng7 14. g4 $1
$36) (11... Be6 12. Rfe1 $1 {Alex's choices are always reliable.} Rc8 13. a3
N6d7 14. Bf4 Ng6 15. Bh2 Nb6 16. Rad1 Bd6 17. Bxd6 Qxd6 18. b4 $14) 12. Bxe7
Qxe7 13. Rab1 (13. Rfe1 $5 Nf6 14. Rab1 $14 {is Alex's choice.}) 13... Nf6 14.
b4 a6 $6 {This produces a hole on b6 which becomes very important.} (14... Be6
15. Na4 $1 {My new recipe!} Ne4 (15... Rad8 $6 16. Nc5 Bc8 17. b5 $16) 16. b5
cxb5 (16... Rec8 17. bxc6 Rxc6 18. Qb2 b6 19. Rfc1 Rac8 20. Rxc6 Rxc6 21. Rc1
Qc7 22. Rxc6 Qxc6 23. Bb5 Qc7 24. Nd2 Nxd2 25. Qxd2 $14) 17. Bxb5 Rec8 18. Qb2
Qf6 19. Be2 Rab8 20. Rfc1 Bf5 21. Rxc8 Rxc8 22. Rc1 Rxc1+ 23. Qxc1 Qd6 24. Qb2
Qc7 25. Nd2 $14) 15. Na4 $1 Ne4 16. Nb6 $1 {This is much more effective than} (
16. Nc5 Bf5 17. a4 Rac8 18. Rfc1 $14) 16... Rb8 17. a4 Qd8 {He could have come
up with some tactical defence.} (17... Bf5 18. b5 $1 (18. Ne5 $2 Qd8 19. a5 {
kills whites play on the queenside.}) 18... cxb5 $1 (18... axb5 $2 19. axb5 $18
{ends up in unrepairable rupture of black's queenside.}) 19. axb5 Qd6 20. bxa6
bxa6 21. Na4 Rec8 $1 (21... Rbc8 22. Qe2 $16)) 18. Nxc8 Rxc8 19. Bxe4 $1 {
Otherwise his next is Nd6.} dxe4 $6 {Produces another weakness.} (19... Rxe4
20. b5 axb5 (20... cxb5 $2 21. Qa2 $16) 21. axb5 c5 22. dxc5 Rc4 23. Qf5 R4xc5
24. Rfd1 $14) 20. Nd2 Qd5 21. Rfc1 $16 {Now as one can easily see white has an
optimum position of a Karlsbad type of set up.} ({There ain't no need to
exchange queen's in that stage.} 21. Qc5 $6 Nd7 22. Qxd5 cxd5 23. Rfc1 Nb6 24.
a5 Na4 25. Kf1 Nc3 26. Rb2 Rc6 27. Nb3 Rec8 28. Rbc2 Na2 29. Rxc6 Rxc6 30. Rxc6
bxc6 31. Nc5 Nxb4 32. Ke2 Kf8 33. Kd2 Ke7 34. Kc3 Nd3 35. Nxa6 Nxf2 36. Nc5
Nd1+ 37. Kb4 Nxe3 38. a6 Nc4 39. a7 Nb6 40. Ka5 Na8 41. Ka6 e3 42. Kb7 e2 43.
Nd3 Kd6 44. Kxa8 Kc7 $11) 21... Nd7 (21... Ng6 22. b5) 22. Rb3 {He should have
simply move the rook out of c8 and wait.} Re6 $2 {Careless!} (22... Nf6 $2 23.
Rc3 Rcd8 24. Rc5 Qd7 25. b5 axb5 26. axb5 cxb5 27. Qb3 Nd5 28. Rxb5 b6 29. Nc4
Rc8 30. Rb1 $18 {wins a pawn.}) (22... Rcd8 23. Rc3 (23. b5 axb5 24. axb5 c5
25. dxc5 Nxc5 26. Qxc5 Qxd2 $14) 23... f5 24. Nb3 $40) 23. b5 axb5 $2 {
Collapse!} (23... c5 24. bxa6 (24. Rc3 axb5 25. axb5 Ra8 26. Nb3 c4 (26... cxd4
27. Nxd4 Ree8 28. Rc7 Ne5 29. Qc5 $1 Qxc5 $140 30. R1xc5 Nd3 $2 31. Rf5 $18)
27. Rxc4 Qxb5 28. Nc5 Nxc5 29. Rxc5 $16) 24... bxa6 25. Rc3 (25. Qc4 Qd6 26. d5
Re5 27. Nxe4 Qxd5 28. Qxa6 Ra8 29. Qb7 Qxe4 30. Qxd7 Rg5 31. g3 $16) 25... Rd8
26. Nb3 cxd4 27. Nxd4 Rg6 28. Rc6 $16) 24. Rxb5 {This is the point!White is
winning the game even if black tries to have his counterplay in white's first
ranks with his queen.} cxb5 25. Qxc8+ Nf8 26. axb5 Qxb5 27. Rb1 $18 {In case
of black's attack on white's weak points like f2 or d3 still white's attack
delivers the first blow.} Qa6 (27... Qd3 28. Rxb7 Qxd2 29. Rb8 h6 30. Qxf8+ Kh7
31. Qxf7 $1 (31. Qh8+ Kg6 32. Rg8 Qc1+ 33. Kh2 Qc7+ 34. g3 f5 35. Rc8 $18)
31... Rf6 32. Qg8+ Kg6 33. Qe8+ Kh7 34. Qxe4+ $18) (27... Qc6 28. Qxb7 Qc2 29.
Nf1 $1 (29. Rb2 Qc1+ 30. Kh2 f5 31. Ra2 Qc6 32. Ra7 Qxb7 33. Rxb7 Rc6 34. Nb3
Rc2 35. Kg3 g5 36. d5 Rb2 37. d6 Ne6 38. d7 f4+ 39. Kg4 fxe3 40. fxe3 Rxg2+ 41.
Kf5 $18) 29... Rf6 (29... Rc6 30. Ng3 $18) 30. Rb2 Qc1 31. Ra2 $18) 28. Qxb7 {
Safe enough!} (28. Rxb7 Rc6 29. Qb8 Rc1+ 30. Kh2 f5 31. Re7 $1 Rc6 32. Qe5 $18)
28... f5 $6 {After this white keeps the queens over the board and he is a pawn
up and the attack continues.} (28... Qxb7 29. Rxb7 f5 30. Nc4 Rc6 31. Ne5 Rd6
32. g4 f4 33. h4 $18) 29. Qd5 g6 30. Rb8 Qd6 (30... Qc6 31. Qd8 Qd6 (31... Rf6
32. Nc4) 32. Qc8 $18) 31. Qa8 Qe7 32. Nc4 Qf6 $6 {This allows the white pawn
pushed forward.} (32... Rf6 33. Ne5 f4 34. Ng4 $18) 33. d5 {The most natural
move however I could also have achieved a bind.} (33. Ne5 Re7 34. Qd5+ Kg7 35.
Qd8 h5 36. Rb6 Ne6 37. Qd6 $18) 33... Re7 34. d6 Rd7 35. Qc6 (35. Re8 Kg7 36.
Qc6 Ra7 37. Qc7+ $1 $18) 35... Rd8 (35... Ra7 36. Qd5+ Kg7 37. Ne5 $18 {
looks hopeless as well.}) 36. Rxd8 {Exchanging the queens wins easily.} (36.
Rb7 $5) 36... Qxd8 37. Qd5+ (37. Qc7 $6 Ne6) (37. Ne5 {I had a sophisticated
win with the knights exchange.} Qf6 38. Nd7 $1 Nxd7 39. Qxd7 Qa1+ 40. Kh2 Qe5+
41. g3 Qb2 42. Qe8+ Kg7 43. Qe7+ Kh6 44. Kg2 Qe2 45. d7 Qf3+ 46. Kg1 Qd1+ 47.
Kh2 Qf1 48. Qf8+ Kh5 49. g4+ $1 fxg4 50. hxg4+ Kxg4 51. Qf4+ Kh5 52. d8=Q $18)
37... Kg7 38. Ne5 Kf6 {Everything is lost for black.} (38... Qf6 39. Qb7+ Kg8
40. d7 (40. Qe7 Qe6 41. h4 h6 42. g3 h5 43. Kg2 $22 $18) 40... Ne6 41. Nc6 h6
42. Qc8+ $18) 39. Qf7+ $4 {In this moment of the game with 20 minutes on my
clock I have produced one of the biggest blunders in my career. Why do I
blunder like this once in a while it is a mistery to me.} ({Of course I have
seen that} 39. d7 {finishes him off right away. Since he can never step with
his king on e7 due to the fork on c6.} g5 40. g4 fxg4 41. hxg4 $18) (39. g4 $5
Ne6 (39... Nd7 40. g5+ Kxg5 41. Nf7+ $18) 40. d7 $18) (39. h4 Nd7 40. Ng4+ Kg7
41. Qd4+ Kf7 42. Nh6+ Ke6 43. Qc4+ Kf6 44. Qf7+ Ke5 45. Qxh7 Qe8 46. Nf7+ Kf6
47. Nh8 Ne5 48. h5 gxh5 49. Qh6+ $18) 39... Kxe5 40. Qe7+ Ne6 $19 {Now black
is winning but he has to be careful since the nature of the position may allow
white with pawn exchanges.} 41. Qxh7 Kf6 (41... Qf6 $6 42. Qd7) 42. Qh4+ Kf7 (
42... Ng5 43. f4 exf3 44. gxf3 Ke6 45. Kg2 Qf6 46. Qb4 Nf7 $19 {wins easily.})
43. Qg3 f4 $6 {I do not find this move to be the most accurate!} (43... Ng7 44.
Qe5 Ne8 45. Qd5+ Kf8 46. d7 Nf6 47. Qe6 Kg7 $19) (43... Qb6 44. h4 Qc5 45. Kh2
f4 46. exf4 Qxd6 $19) 44. exf4 Qxd6 45. f5 $1 Qd1+ 46. Kh2 gxf5 47. Qe5 Ng7 {
I have burned all my remaining time in this position.I have felt that there
was something but I could not make it work.} 48. Qf4 (48. g4 $142 $1 {The best
practical chance since it contains a diabolic trick.} Qf3 49. Qg3 fxg4 (49...
f4 $1 {is a difficult move to make for a human being.} 50. Qxf3 exf3 51. h4 Ne8
52. Kh3 Kf6 53. Kh2 Nd6 54. Kg1 Nf7 55. Kh2 Ne5 56. Kh3 Nd3 $19) 50. hxg4 Ne6
$4 (50... Qf6 $1 $19 {still keeps the winning chances despite of the fact that
they are more or less diminished due to the exchange of one pair of pawns.})
51. Qxf3+ exf3 52. g5 $3 {Finding out this after the game just cheered me up
like the happiest person in the world.} ({During the game I was stuck with
trying to make} 52. Kg3 $4 {work.} Ng5 53. Kf4 (53. Kh4 Kf6 54. Kh5 Ne4 55. Kh4
Ke5 56. g5 Kf4 57. g6 Nd6 58. Kh5 Nf5 59. g7 Nxg7+ $19) 53... Kf6 $19) 52...
Nxg5 53. Kg3 Kg7 54. Kf4 Kf6 55. Kg4 Kg6 56. Kf4 Kh5 57. Kg3 $1 $11 {would be
a diabolic trap in which he could have fallen.} (57. Kf5 Kh4 58. Kf4 Kh3 $1 $19
)) 48... Ke6 49. Qh6+ Kf7 50. Qf4 Qd5 51. g4 Kg6 52. Kg3 ({I did not like} 52.
f3 $5 Kh7 (52... Qa2+ 53. Kg1 $1 (53. Kg3 Qe2) 53... Qb1+ 54. Kf2 Qc2+ 55. Kf1
Qd3+ 56. Kf2 Qd4+ 57. Qe3 Qb2+ 58. Qe2 Qxe2+ 59. Kxe2 f4 $1 60. fxe4 Kg5 61.
Kf3 Ne6 62. e5 Kh4 63. Ke4 Kxh3 64. g5 Kg2 65. Kf5 f3 66. Kxe6 f2 67. g6 f1=Q
68. g7 Qc4+ 69. Ke7 Qg8 70. Kf6 Kf3 71. e6 Ke4 72. e7 Kd5 $19) 53. Kg3 Qd4 54.
Kg2 Qd3 55. gxf5 Qe2+ 56. Kg1 (56. Kg3 Nh5+) 56... Qe1+ 57. Kg2 e3 58. Qg3 Qd2+
59. Kh1 e2 $19) (52. h4 fxg4 53. Qxg4+ Kf6 54. Qf4+ Qf5 55. Qh6+ Kf7 56. Qe3
Nh5 57. f3 exf3 58. Qa7+ Kg6 59. Qg1+ Kh7 60. Qa7+ Ng7 61. Qf2 Qf4+ 62. Qg3 Qe3
$19) 52... Ne6 53. gxf5+ Qxf5 54. Qg4+ Kf6 {He can not exchange the queens yet.
} (54... Qxg4+ $4 55. Kxg4 Kf6 56. h4 Ke5 (56... Kg6 57. h5+ Kf6 58. h6 $11)
57. h5 Nf4 58. h6 Ng6 59. h7 Nh8 60. Kg5 $11) 55. Qh4+ (55. h4 Qe5+ 56. Kg2
Nf4+ 57. Kg3 Nh5+ 58. Kg2 Qf5 $19 {would have been similar to the game
continuation.}) 55... Qg5+ 56. Qg4 Qe5+ 57. Kg2 Nf4+ 58. Kg3 Nh5+ $1 59. Kg2 (
59. Kh4 Ng7 $1 $19 {mates.}) 59... Qg5 $19 {So finally black has brought the
desired set up! At this moment I was very angery with myself. Instead of the
idiotic blundered I have produced I could have won very easily by a pawn push
which I have seen. This would have brought an immediate decision for the
tournament standings since we have been both +3 prior to this round I would go
on +5 and I would have an easier opposition compared to his. Now we were about
changing roles and I had to put real muscle behind the tournament to win it
which I eventually did.} 60. f3 {Nothing works anymore.} (60. Kf1 Qxg4 61. hxg4
Nf4 62. Ke1 Kg5 63. Kd2 Nd5 (63... Kxg4 64. Ke3 Kf5 65. Kd4 (65. f3 Nd5+ $19)
65... Ne6+ 66. Ke3 Ng5 $19)) 60... e3 61. h4 Nf4+ 62. Kg3 Qxg4+ 63. fxg4 Ke5
64. h5 Ke4 65. h6 e2 {He has chosen an artistic finish for the game.} (65...
Ng6 66. g5 (66. h7 Kd3 67. g5 e2 68. Kf2 Kd2 $19) 66... Kd3 67. Kg4 e2 68. Kf5
Nh4+ 69. Kf6 e1=Q $19) 66. Kf2 Kd3 67. h7 Kd2 (67... Ng6 68. Ke1 Ke3 69. h8=Q
Nxh8 70. g5 Nf7 (70... Kd3 71. Kf2 Kd2 $19) 71. g6 Ne5 $19 {mates.} (71... Nh6
72. g7 Kf3)) 68. h8=Q e1=Q+ {Actually I have played Kg3 in this position after
which my opponent rightfully groaned something. However the mistake was a
result of panick in time trouble and was not done on purpose.} (68... e1=Q+ 69.
Kf3 Qe3#) 0-1

[Event "EU-ch 7th"]
[Site "Kusadasi"]
[Date "2006.04.05"]
[Round "2"]
[White "Andersson, Ulf"]
[Black "Atalik, Suat"]
[Result "1/2-1/2"]
[WhiteElo "2545"]
[BlackElo "2632"]
[Annotator "Atalik,S"]
[PlyCount "70"]
[EventDate "2006.04.04"]
[EventType "swiss"]
[EventRounds "13"]
[EventCountry "TUR"]
[SourceTitle "CBM 111 Extra"]
[Source "ChessBase"]
[SourceDate "2006.05.09"]
[SourceVersion "1"]
[SourceVersionDate "2006.05.09"]
[SourceQuality "1"]

1. Nf3 d5 2. d4 Nf6 3. c4 e6 4. Nc3 (4. g3 dxc4 5. Qa4+ Nbd7 6. Bg2 a6 7. Nc3
Rb8 8. Qxc4 b5 9. Qd3 Bb7 10. O-O c5 11. dxc5 Bxc5 12. Bf4 Rc8 13. Rad1 b4 $5 {
was the preparation that day.}) 4... c6 5. cxd5 $6 {Ulf is not very ambitious
to gain an opening advantage today.} exd5 6. Bg5 Be7 7. Qc2 g6 8. e3 Bf5 9. Bd3
Bxd3 10. Qxd3 Nbd7 11. O-O O-O 12. Rab1 a5 13. Qc2 Re8 14. a3 Nb6 $11 {Black
does not have particular problems.} 15. Na4 $2 {This move looks really bad and
it has to be bad.} Nxa4 16. Qxa4 Ne4 17. Bxe7 Rxe7 18. Qc2 a4 19. Nd2 Nxd2 $2 {
I was too much relying on my chances in the coming ending but it turn out to
be equal.} (19... Nd6 20. Rbe1 Qd7 21. Re2 Qf5 $17) 20. Qxd2 Qa5 21. Qc3 $1
Qxc3 22. bxc3 b5 23. Rfe1 f5 24. Kf1 Rf8 25. Ke2 $11 {Black has also to be
careful.} Kf7 (25... f4 {I could not judgethis position after} 26. Kd3 f3 27.
g3 $13) 26. Kd3 Ke6 27. h4 Kd6 28. g3 h6 29. Rh1 Rfe8 30. Rbe1 Rc8 31. Rb1 Ke6
32. Rb2 Kd6 33. Rbb1 Rce8 34. Rbe1 Rc8 35. Rb1 Rce8 1/2-1/2

[Event "CUB-ch"]
[Site "Holguin"]
[Date "2002.03.31"]
[Round "1"]
[White "Almeida Quintana, Omar"]
[Black "Abreu Delgado, Aryam"]
[Result "1-0"]
[WhiteElo "2473"]
[BlackElo "2480"]
[Annotator "Atlas,V"]
[PlyCount "51"]
[EventDate "2002.03.31"]
[EventType "tourn"]
[EventRounds "17"]
[EventCountry "CUB"]
[EventCategory "9"]
[SourceTitle "CBM 089"]
[Source "ChessBase"]
[SourceDate "2002.08.12"]
[SourceVersion "1"]
[SourceVersionDate "2002.08.12"]
[SourceQuality "1"]

1. d4 d5 2. c4 c6 3. Nf3 Nf6 4. Nc3 e6 5. cxd5 exd5 6. Bg5 Be7 7. Qc2 g6 8. e3
Bf5 9. Bd3 Bxd3 10. Qxd3 Nbd7 11. O-O O-O 12. Rab1 a5 13. a3 Re8 14. Qc2 Nb6
15. Bxf6 Bxf6 16. Rfe1 Bg7 17. h4 Nc4 18. h5 Nd6 19. hxg6 hxg6 20. Rbd1 Bf6 21.
g3 Kg7 22. Kg2 Qd7 23. Rh1 Nf5 24. e4 dxe4 25. Nxe4 Qd5 $4 ({A terrible
blunder losing on the spot. After} 25... Qe7 {Black retained good
counterchances.}) {[%tqu "En","How would you punish Black's untimely queen
centralization?","Use a shaky position of the enemy bishop.","Employ your rook
for a final strike!","h1h7","This efficient blow wins on the spot!",4]} 26.
Rh7+ $1 {[%csl Rd5,Rf6,Rg7][%cal Ge4f6]} (26. Rh7+ {, and Black resigned, as
after} Kxh7 27. Nxf6+ {he loses his queen.}) 1-0

[Event "POL-ch 60th"]
[Site "Warsaw"]
[Date "2003.04.22"]
[Round "1"]
[White "Grabarczyk, Miroslaw"]
[Black "Jakubowski, Krzysztof"]
[Result "0-1"]
[WhiteElo "2508"]
[BlackElo "2483"]
[Annotator "Atlas,V"]
[PlyCount "52"]
[EventDate "2003.04.22"]
[EventType "tourn"]
[EventRounds "13"]
[EventCountry "POL"]
[EventCategory "12"]
[SourceTitle "CBM 095"]
[Source "ChessBase"]
[SourceDate "2003.07.25"]
[SourceVersion "1"]
[SourceVersionDate "2003.07.25"]
[SourceQuality "1"]

1. d4 d5 2. c4 e6 3. Nf3 Nf6 4. Nc3 Be7 5. Bg5 O-O 6. e3 Nbd7 7. cxd5 exd5 8.
Qc2 Re8 9. Bd3 Nf8 10. O-O c6 11. Rab1 a6 12. b4 Ne4 13. Bxe7 Qxe7 14. a4 Ng6
15. b5 axb5 16. axb5 Bg4 17. Nd2 $2 ({Definitely not the best choice. The
strongest continuation here is:} 17. Bxe4 dxe4 18. Nd2 $14) 17... Nxd2 18. Qxd2
Nh4 $1 {This efficient knight thrust yields Black excellent attacking chances.}
19. Be2 {[%tqu "En","Black's minor pieces are superbly placed. How should he
contnue his attack?","Try to weaken the position of the enemy king.",
"Sacrifice your bishop!","g4h3","This powerful blow yields Black a large
advantage.",5]} Bh3 $1 {[%csl Rg1,Rg2][%cal Ge7g5,Gh4g2,Gh3g2] The culmination
of Black's attack! The efficient bishop thrust wins an exchange.} 20. g3 (20.
gxh3 $4 {loses immediately after} Qg5+ 21. Bg4 (21. Kh1 Qg2#) 21... Nf3+) 20...
Qf6 21. Qd1 (21. gxh4 $2 {fails to} Qg6+) 21... Bxf1 22. Bxf1 Nf3+ 23. Kg2 Ng5
24. bxc6 bxc6 25. Rb6 g6 26. Nxd5 $4 ({A final mistake in a difficult position.
} 26. h4 {was to be preferred.}) 26... Qd8 $1 {, and White resigned in view of
huge material losses.} 0-1